Canciones infantiles [ (Record no. 169046)

MARC details
000 -LEADER
campo de control de longitud fija 00749nam a22002175i 4500
001 - NÚMERO DE CONTROL
campo de control 169046
003 - IDENTIFICADOR DE NÚMERO DE CONTROL
campo de control ES-MaACL
005 - FECHA Y HORA DE LA ÚLTIMA TRANSACCIÓN
campo de control 20251217063022.0
008 - DATOS DE LONGITUD FIJA--INFORMACIÓN GENERAL
campo de control de longitud fija 080804s2007 sp |||| | spa d
020 ## - NÚMERO INTERNACIONAL ESTÁNDAR DEL LIBRO
Número Internacional Estándar del Libro 978-84-7960-382-8
080 ## - NÚMERO DE LA CLASIFICACIÓN DECIMAL UNIVERSAL
Número de la Clasificación Decimal Universal 784.67
100 1# - ENTRADA PRINCIPAL--NOMBRE DE PERSONA
Nombre de persona Calderón, Fina de,
Fechas asociadas al nombre 1927-2010
9 (RLIN) 33598
245 10 - MENCIÓN DEL TÍTULO
Título Canciones infantiles [
Medio música impresa] /
Mención de responsabilidad, etc. Fina de Calderón ; ilustraciones de Alain Durand.
260 ## - PUBLICACIÓN, DISTRIBUCIÓN, ETC.
Lugar de publicación, distribución, etc. Madrid :
Nombre del editor, distribuidor, etc. Ediciones de la Torre,
Fecha de publicación, distribución, etc. [2007]
300 ## - DESCRIPCIÓN FÍSICA
Extensión 1 partitura (127 p.) :
Otras características físicas il. ;
Dimensiones 28 cm.
500 ## - NOTA GENERAL
Nota general Letra de las canciones en español y francés.
650 14 - PUNTO DE ACCESO ADICIONAL DE MATERIA--TÉRMINO DE MATERIA
Término de materia o nombre geográfico como elemento de entrada Canciones infantiles.
9 (RLIN) 138660
700 1# - ENTRADA AGREGADA--NOMBRE PERSONAL
Nombre de persona Durand, Alain.
9 (RLIN) 46245
852 4# - LOCALIZACIÓN
Ubicación ES-MaACL
Número de control de estantería L-29598
itemnumber R.142824
Holdings
Estatus retirado Estado de pérdida Estado de daño No para préstamo Biblioteca de origen Biblioteca actual Ubicación en estantería Fecha de adquisición Fuente de adquisición Total de préstamos Signatura topográfica completa Código de barras Visto por última vez Precio de reemplazo Tipo de ítem Koha
        Biblioteca del Ateneo de Madrid Biblioteca del Ateneo de Madrid Depósito 2 04/08/2008     L-29598 1177433 23/02/2023 23/02/2023 Libro impreso